000 00446nam a22001697a 4500
008 250421b |||||||| |||| 00| 0 eng d
020 _a9937818710
082 _223rd.
_a294.535
_bT329h
100 1 _aThapa, Rajeshwar
245 _aHoly Pathivara /
_cRajeshwar Thapa.
260 _a[s.l.] :
_b[s.n.],
_c[n.d.].
300 _a40p. : ill.
650 _aTemples
_91442
650 _aHindu
650 _aपाथिभरा
942 _2ddc
_cISBN
999 _c121954
_d121942